[Event "Kaupthing Open"]
[Site "Differdange LUX"]
[Date "2007.07.07"]
[Round "1"]
[White "Gharamian,T"]
[Black "Kasparova,T"]
[Result "1-0"]
[WhiteElo "2517"]
[BlackElo "2217"]

1.e4 d6 2.d4 Nf6 3.Nc3 e5 4.dxe5 dxe5 5.Qxd8+ Kxd8 6.Bg5 Be6 7.O-O-O+ Nd7
8.f4 exf4 9.Nf3 h6 10.Bxf4 Bb4 11.Nb5 Ba5 12.Ne5 Kc8 13.Bc4 a6 14.Nd4 Bxc4
15.Nxc4 Bb4 16.c3 Bc5 17.Rhe1 Re8 18.e5 Bxd4 19.Rxd4 Nc5 20.Bg3 Nh5 21.Bf2 Ne6
22.Rd2 Nhf4 23.Bg3 Nh5 24.Bh4 b5 25.Na5 Nhf4 26.Kc2 Ng6 27.Bg3 Rd8 28.Rf2 Rd7
29.Ref1 Nd8 30.Nb3 c6 31.Nc5 Re7 32.Ne4 Nxe5 33.Nd6+ Kd7 34.Rd1 Ng4 35.Nxf7+ Ke8
36.Nd6+ Kd7 37.Nxb5+ Ke8 38.Nd6+ Kd7 39.Nf5+ Ke8 40.Rf3 Rd7 41.Nd6+ Ke7 42.Re1+  1-0

[Event "XXX Open"]
[Site "Barbera del Valles ESP"]
[Date "2007.07.08"]
[Round "3"]
[White "Ben Porat,O"]
[Black "Pakleza,Z"]
[Result "1-0"]
[WhiteElo "2193"]
[BlackElo "2463"]

1.e4 d6 2.d4 Nf6 3.Nc3 e5 4.dxe5 dxe5 5.Qxd8+ Kxd8 6.Nf3 Bd6 7.Bg5 c6 8.O-O-O Ke7
9.Bc4 Bc7 10.Nh4 b5 11.Nd5+ cxd5 12.Bxd5 Nc6 13.Bxc6 Rb8 14.Rhe1 g6 15.Nf3 Rb6
16.Bd5 Ra6 17.Kb1 h6 18.Bd2 Bg4 19.Re3 Rd8 20.Rc3 Bb6 21.Rc6 Ra4 22.b3 Nxd5
23.bxa4  1-0

[Event "Canadian Open"]
[Site "Ottawa CAN"]
[Date "2007.07.08"]
[Round "3"]
[White "Rensch,D"]
[Black "Demmery,S"]
[Result "1/2-1/2"]
[WhiteElo "2400"]
[BlackElo "2101"]

1.e4 d6 2.d4 Nf6 3.Nc3 c6 4.Bg5 Nbd7 5.Qd2 e5 6.Nf3 Be7 7.a4 O-O 8.Be2 exd4
9.Nxd4 Nc5 10.f3 a5 11.Rd1 Qb6 12.O-O Qb4 13.Kh1 Bd7 14.Rfe1 Rad8 15.Bf1 Rfe8
16.Be3 Bc8 17.b3 Bf8 18.Na2 Qb6 19.Bf2 Qc7 20.c4 Kh8 21.Nc3 Be7 22.Qc2 Nh5
23.g3 g6 24.Qd2 Bf6 25.Bg2 Ng7 26.f4 Nge6 27.Qc2 Nxd4 28.Bxd4 Bxd4 29.Rxd4 Qb6
30.Rb1 Nxa4 31.Ne2 Nc5 32.f5 gxf5 33.exf5 Nxb3 34.Qc3 Qb4 35.Qb2 Rxe2 36.Rd2+ Re5
37.Qxe5+ dxe5 38.Rxd8+ Kg7 39.Rxc8 a4 40.g4 Kf6 41.g5+ Kxg5 42.f6 Kxf6 43.Re8 a3
44.Rf1+ Kg7 45.Rg1 Qc5 46.Bxc6+ Qxg1+ 47.Kxg1 a2 48.Ra8 a1=Q+ 49.Rxa1 Nxa1
50.Ba4 Kf6 51.Kf2 Ke6 52.Ke3 f5 53.Kd3 Kd6 54.Kc3 Kc5 55.Bd7 f4 56.Bf5 h6
57.Be4 b6 58.h4 Nb3 59.Kxb3 Kd4 60.Bc6 e4 61.Kc2 f3 62.Kd1 Ke3 63.Ke1 Kf4
64.h5 e3 65.Bd5 Kg3 66.Bc6 Kf4 67.Bd5 Kg3 68.Bc6 Kf4 69.Bd5  1/2-1/2

[Event "FSGM July"]
[Site "Budapest HUN"]
[Date "2007.07.09"]
[Round "3"]
[White "Fogarasi,T"]
[Black "Fruebing,S"]
[Result "1/2-1/2"]
[WhiteElo "2425"]
[BlackElo "2319"]

1.d4 d6 2.e4 Nf6 3.Nc3 e5 4.Nf3 exd4 5.Nxd4 Be7 6.Be2 O-O 7.O-O Re8 8.Re1 Bf8
9.Bf1 Nbd7 10.Bg5 h6 11.Bh4 c6 12.a4 a5 13.f4 Qb6 14.Rb1 g6 15.h3 Bg7 16.Bf2 Qc7
17.Qf3 Nc5 18.Rbd1 Bd7 19.Re2 Rad8 20.Rde1 Bc8 21.e5 dxe5 22.fxe5 Nh7 23.Nxc6 bxc6
24.Bxc5 Rxe5 25.Rxe5 Bxe5 26.Bc4 Ng5 27.Qe3 Bf4 28.Qe7 Qxe7 29.Rxe7 Bf5 30.Ne2 Bd6
31.Bxd6 Rxd6 32.c3 Rd1+ 33.Kf2 Ne4+ 34.Ke3 Nd6 35.Bb3 Rb1 36.g4 Rxb2 37.Bxf7+ Kf8
38.Rc7 Bxg4 39.hxg4 Nxf7 40.Rxc6 Ne5 41.Rc5 Nxg4+ 42.Kf3 Nh2+ 43.Ke3 Ng4+
44.Kf3 Nh2+ 45.Ke3  1/2-1/2

[Event "ChIP"]
[Site "Paris FRA"]
[Date "2007.07.09"]
[Round "3"]
[White "Guliyev,N"]
[Black "Carlhammar,M"]
[Result "1/2-1/2"]
[WhiteElo "2571"]
[BlackElo "2331"]

1.e4 d6 2.d4 Nf6 3.Nc3 e5 4.Nf3 Nbd7 5.Bc4 Be7 6.O-O O-O 7.Re1 c6 8.a4 b6
9.d5 cxd5 10.Nxd5 Bb7 11.b3 Rc8 12.Re2 Nc5 13.Nxf6+ Bxf6 14.Bd5 Qd7 15.Ba3 Rfd8
16.c4 Bxd5 17.cxd5 g6 18.Rc1 Bg7 19.Rc4 Bh6 20.Rec2 a5 21.h3 Ra8 22.R2c3 Ra7
23.Nh2 Bg7 24.Nf1 Rf8 25.Ng3 Kh8 26.Qc2 f5 27.Rf3 f4 28.Nf1 h5 29.Nh2 Bh6
30.Qe2 Rg8 31.Rfc3 Bg5 32.Qf3 Bd8 33.Bc1 Qh7 34.g4 fxg3 35.fxg3 g5 36.Qe2 Rf7
37.b4 Nxa4 38.Rc2 axb4 39.Rxb4 Nc5 40.Rcc4 Rgf8 41.Be3 Qg6 42.Qc2 Kh7 43.Kg2 g4
44.h4 Kh8 45.Rb1 Bxh4 46.Rxb6 Bxg3 47.Bxc5 Qg5 48.Kxg3 h4+ 49.Kg2 h3+ 50.Kg1 g3
51.Rb2 gxh2+ 52.Kxh2 Qf4+ 53.Kh1 Qf3+ 54.Kh2 Qf4+ 55.Kh1 Qf3+ 56.Kh2 Rg8
57.Rc3 Qf4+ 58.Kh1 Qf1+ 59.Kh2 Qf4+ 60.Kh1 Qf1+ 61.Kh2 Rg2+ 62.Qxg2 hxg2
63.Rh3+ Rh7 64.Rb8+ Kg7 65.Rb7+ Kg6 66.Rbxh7 dxc5 67.R7h6+ Kg7 68.Rh7+ Kg6
69.R7h6+ Kg7 70.Rh7+ Kg6 71.R7h6+ Kg7 72.Rh7+ Kg6 73.R7h6+  1/2-1/2

[Event "New Jersey Futurity"]
[Site "Parsippany USA"]
[Date "2007.07.09"]
[Round "5"]
[White "Yudasin,L"]
[Black "Zlotnikov,M"]
[Result "1-0"]
[WhiteElo "2550"]
[BlackElo "2367"]

1.e4 d6 2.d4 Nf6 3.Nc3 Nbd7 4.g3 e5 5.Nge2 Be7 6.Bg2 O-O 7.O-O c6 8.a4 a5
9.h3 Re8 10.f4 exd4 11.Nxd4 Bf8 12.Nb3 Qb6+ 13.Kh2 Qb4 14.Bd2 Qc4 15.Re1 g6
16.Qf3 Nc5 17.Bf1 Qb4 18.Nb5 Nxb3 19.Bxb4 axb4 20.cxb3 cxb5 21.Bxb5 Bd7 22.e5 Bxb5
23.axb5 Rxa1 24.Rxa1 dxe5 25.fxe5 Nd7 26.Qxb7 Nc5 27.Qd5 Ne6 28.Ra7 Bc5 29.Ra8  1-0

[Event "ch-SWE"]
[Site "Stockholm SWE"]
[Date "2007.07.10"]
[Round "10"]
[White "Smith,Ax"]
[Black "Johansson,Ja SWE"]
[Result "1-0"]
[WhiteElo "2251"]
[BlackElo "2441"]

1.e4 d6 2.d4 Nf6 3.Nc3 e5 4.dxe5 dxe5 5.Qxd8+ Kxd8 6.Bg5 Be6 7.O-O-O+ Nd7
8.f4 exf4 9.Nf3 Kc8 10.Bxf4 Bb4 11.Nd5 Bxd5 12.exd5 Bd6 13.Bxd6 cxd6 14.Bb5 Nb6
15.Rhe1 Kd8 16.Bf1 a6 17.c4 Rc8 18.b3 Rc7 19.Kd2 Nbd7 20.h3 Nc5 21.Bd3 g6
22.Kc3 h5 23.Kd4 h4 24.b4 Nxd3 25.Rxd3 Rh5 26.Nd2 b5 27.Rf3 Ne8 28.Ra3 bxc4
29.Rxa6 Nf6 30.Rxd6+ Rd7 31.Rxd7+ Kxd7 32.Kxc4 Nxd5 33.Ne4 Kc7 34.Nc3 Nb6+
35.Kd4 Rg5 36.Re7+ Kc8 37.Rxf7 Rxg2 38.a4 Rg3 39.a5 Nd7 40.a6 Nb8 41.b5  1-0

[Event "Kaupthing Open"]
[Site "Differdange LUX"]
[Date "2007.07.11"]
[Round "6"]
[White "Stull,N"]
[Black "Vatter,H"]
[Result "0-1"]
[WhiteElo "2134"]
[BlackElo "2319"]

1.d4 d6 2.e4 Nf6 3.Nc3 Nbd7 4.Nf3 e5 5.Bc4 Be7 6.O-O O-O 7.Qe2 c6 8.a4 b6
9.Rd1 Qc7 10.d5 cxd5 11.Bxd5 Bb7 12.Nb5 Qb8 13.Bxb7 Qxb7 14.Nxd6 Bxd6 15.Rxd6 Nc5
16.Rxf6 gxf6 17.Bh6 Rfd8 18.Nd2 Kh8 19.Ra3 Rg8 20.Rh3 Rg6 21.g3 Rd8 22.Qh5 Nxe4
23.Be3 Kg8 24.Qxh7+ Kf8 25.Rh4 Nxd2 26.Bh6+ Ke7  0-1

[Event "Kaupthing Open"]
[Site "Differdange LUX"]
[Date "2007.07.12"]
[Round "7"]
[White "Berg,R"]
[Black "Kasparova,T"]
[Result "0-1"]
[WhiteElo "2129"]
[BlackElo "2217"]

1.e4 d6 2.d4 Nf6 3.Nc3 e5 4.dxe5 dxe5 5.Qxd8+ Kxd8 6.Bc4 Be6 7.Bxe6 fxe6
8.f3 Bd6 9.Be3 Nbd7 10.O-O-O Ke7 11.Nge2 a6 12.Kb1 h6 13.h4 Nh5 14.g4 Nf4
15.Nxf4 exf4 16.Bc1 g5 17.h5 Ne5 18.Rhf1 Bc5 19.b3 Rhd8 20.Rde1 Rd7 21.Na4 Bd4
22.Bb2 Bxb2 23.Nxb2 Rad8 24.Rf2 b5 25.Kc1 c5 26.Rd1 Rxd1+ 27.Nxd1 c4 28.bxc4 Nxc4
29.Nb2 Ne5 30.Rf1 a5 31.c3 a4 32.a3 Rd6 33.Kc2 Rd7 34.Rf2 Nc6 35.Rf1 Na5
36.c4 Nxc4 37.Nxc4 bxc4 38.Rb1 Rd3 39.Rb8 Rxf3 40.Rh8 Rxa3 41.Rxh6 Rb3  0-1

[Event "Inautomarket Open"]
[Site "Minsk BLR"]
[Date "2007.07.12"]
[Round "3"]
[White "Simonian,H"]
[Black "Zablotsky,S"]
[Result "0-1"]
[WhiteElo "2390"]
[BlackElo "2498"]

1.e4 d6 2.d4 Nf6 3.Nc3 e5 4.dxe5 dxe5 5.Qxd8+ Kxd8 6.Bg5 Be6 7.Rd1+ Nd7 8.Bb5 c6
9.Ba4 Kc7 10.Bb3 Bb4 11.Bxe6 fxe6 12.f3 Bxc3+ 13.bxc3 h6 14.Bc1 Nb6 15.Ne2 Rad8
16.Rd3 Nfd7 17.Kf2 Nc5 18.Rxd8 Rxd8 19.h4 Rf8 20.Ke1 Nc4 21.Rh3 Kd6 22.Rg3 Rf7
23.Rg6 Nd7 24.Ng3 Nf6 25.Nf1 b5 26.Ne3 Nb6 27.Ng4 Nxg4 28.Rxg4 Na4 29.Bd2 Kc5
30.Rg6 Re7 31.h5 Kc4 32.g4 Nxc3 33.g5 hxg5 34.Bxg5 Rf7 35.Rxe6 c5 36.Rxe5 Rxf3
37.Be7 Kd4 38.Rxc5 Nxe4 39.Rc7 Rh3 40.Kf1 a5 41.Bd8 a4 42.Rxg7 Rxh5 43.Rg4 Ke3
44.Kg2 Re5 45.Bc7 Re6 46.Ba5 Rc6 47.c3 Kd3 48.Rf4 Nxc3 49.Rf5 Nxa2 50.Rxb5 Ra6
51.Rg5 Kc4 52.Bd8 Re6 53.Rg7 Nb4 54.Be7 Rb6 55.Rg3 Rb7 56.Bd6 Rb6 57.Be7 Nc6
58.Rg4+ Kb3 59.Rg3+ Kb2 60.Ba3+ Kc2 61.Bc5 Rb5 62.Bd6 Rb3 63.Rg8 Rb6 64.Bc5 Rb5
65.Bd6 Nb4 66.Rg4 a3 67.Bf8 a2 68.Bg7 Nd3 69.Rc4+ Kb1 70.Rc7 Rg5+  0-1

[Event "ch-SWE Master Elite"]
[Site "Stockholm SWE"]
[Date "2007.07.12"]
[Round "12"]
[White "Logdahl,H"]
[Black "Semcesen,D"]
[Result "1-0"]
[WhiteElo "2250"]
[BlackElo "2298"]

1.e4 d6 2.d4 Nf6 3.Nc3 Nbd7 4.Be3 e5 5.f3 Be7 6.Qd2 c6 7.O-O-O O-O 8.Kb1 Qc7
9.g4 b5 10.g5 Nh5 11.Nce2 Nb6 12.Ng3 Nf4 13.Bxf4 exf4 14.Qxf4 Re8 15.Nh5 Qd8
16.h4 a5 17.Ne2 g6 18.Neg3 gxh5 19.Nxh5 Nd7 20.Rg1 a4 21.Bd3 Nf8 22.Nf6+ Kh8
23.e5 Ng6 24.Bxg6 fxg6 25.Nxe8 Qxe8 26.exd6 Bf8 27.Qe5+ Qxe5 28.dxe5 Be6
29.a3 Kg8 30.f4 Kf7 31.Rg3 Bd7 32.h5 Ke6 33.h6 Kf5 34.Rf1 Be6 35.Kc1 Bd5
36.Rc3 Ra7 37.Kd2 Rb7 38.Rc5 Ke6 39.Kc3 Ra7 40.Kb4 Ra8 41.Rf2 Ra7 42.Rd2 Be4
43.Rd4 Bf3 44.Rc3 Bg2 45.Kc5 Rb7 46.b3 axb3 47.cxb3 Rb8 48.a4 bxa4 49.bxa4 Rb1
50.Rb4  1-0

[Event "FSGM July"]
[Site "Budapest HUN"]
[Date "2007.07.13"]
[Round "7"]
[White "Vernay,C"]
[Black "Fruebing,S"]
[Result "1/2-1/2"]
[WhiteElo "2381"]
[BlackElo "2319"]

1.d4 d6 2.e4 Nf6 3.Nc3 e5 4.dxe5 dxe5 5.Qxd8+ Kxd8 6.f4 Nc6 7.Nf3 Bb4 8.Bd3 h6
9.fxe5 Ng4 10.Bf4 g5 11.Bg3 Re8 12.Bb5 Bxc3+ 13.bxc3 Bd7 14.O-O-O Kc8 15.h4 f6
16.hxg5 fxg5 17.Nd4 Ncxe5 18.Bxd7+ Nxd7 19.Nf5 Re6 20.e5 a5 21.Ng7 Re7 22.Nf5 Re6
23.Ng7 Re7 24.Nf5 Re6  1/2-1/2

[Event "Inautomarket Open"]
[Site "Minsk BLR"]
[Date "2007.07.13"]
[Round "4"]
[White "Zablotsky,S"]
[Black "Bocharov,D"]
[Result "1/2-1/2"]
[WhiteElo "2498"]
[BlackElo "2605"]

1.e4 d6 2.d4 Nf6 3.Nc3 e5 4.dxe5 dxe5 5.Qxd8+ Kxd8 6.Bg5 Be6 7.O-O-O+ Nd7
8.f4 exf4 9.Nf3 Kc8 10.Bxf4 Bc5 11.e5  1/2-1/2

[Event "Kaupthing Open"]
[Site "Differdange LUX"]
[Date "2007.07.14"]
[Round "9"]
[White "Berend,E"]
[Black "Kasparova,T"]
[Result "1-0"]
[WhiteElo "2340"]
[BlackElo "2217"]

1.e4 d6 2.d4 Nf6 3.Nc3 e5 4.dxe5 dxe5 5.Qxd8+ Kxd8 6.Bg5 Be6 7.O-O-O+ Nd7
8.f4 exf4 9.Nf3 h6 10.Bxf4 c6 11.Nd4 Bb4 12.e5 Nd5 13.Nxd5 cxd5 14.Be2 a6
15.h4 Ke7 16.g4 Ba5 17.Nf5+ Kf8 18.Nd6 Bc7 19.Bf3 Bxd6 20.exd6 Nb6 21.b3 Rd8
22.Be3 Rxd6 23.Bc5 Ke7 24.Kb2 Rd8 25.c4 dxc4 26.Rxd6 Rxd6 27.Rd1  1-0

[Event "Open"]
[Site "Ghent BEL"]
[Date "2007.07.14"]
[Round "2"]
[White "Van de Wynkele,E"]
[Black "Dutreeuw,M"]
[Result "0-1"]
[WhiteElo "1998"]
[BlackElo "2398"]

1.e4 d6 2.d4 Nf6 3.Nc3 e5 4.dxe5 dxe5 5.Qxd8+ Kxd8 6.f3 Be6 7.Be3 c6 8.g3 Nbd7
9.O-O-O Kc7 10.Nh3 h6 11.a3 a5 12.Nf2 Bc5 13.Re1 Ne8 14.Nd3 Bxe3+ 15.Rxe3 Nd6
16.Re1 Nc4 17.a4 f6 18.b3 Nd6 19.Bg2 g5 20.h4 Rag8 21.hxg5 hxg5 22.Rxh8 Rxh8
23.Rh1 Rxh1+ 24.Bxh1 c5 25.Kb2 c4 26.Nc1 Kb6 27.Bg2 Kc5 28.Bf1 g4 29.fxg4 cxb3
30.cxb3 Kd4 31.g5 fxg5 32.Bg2 Nf6 33.Kc2 Nh5 34.N1e2+ Ke3 35.Kd1 Kf2 36.Bh1 Bxb3+
37.Kd2 Nc4+ 38.Kd3 Nb2+ 39.Kd2 Nxa4 40.Nb1  0-1

[Event "Lichtenstein Mem"]
[Site "Elkana ISR"]
[Date "2007.07.15"]
[Round "1"]
[White "Lerner,K"]
[Black "Kantsler,B"]
[Result "1-0"]
[WhiteElo "2515"]
[BlackElo "2509"]

1.d4 d6 2.e4 Nf6 3.Nc3 e5 4.Nf3 Nbd7 5.Bc4 Be7 6.O-O O-O 7.Re1 c6 8.a4 Qc7
9.h3 Re8 10.Be3 exd4 11.Bxd4 Ne5 12.Ba2 Bd8 13.Ng5 Be6 14.Nxe6 fxe6 15.f4 Nf7
16.e5 dxe5 17.fxe5 Nd5 18.Nxd5 cxd5 19.c4 Bh4 20.cxd5 Bxe1 21.d6 Qd7 22.Qxe1 Rac8
23.Bb3 b6 24.Qe2 Qc6 25.Rd1 Nd8 26.Bc3 Qc5+ 27.Kh1 Rb8 28.Qg4 a5 29.Rd4 b5
30.axb5 Qxb5 31.Bc4 Qd7 32.Bd3 Rf8 33.Rc4 Rb7 34.Be4 Ra7 35.Bd4 Rf1+ 36.Kh2 Re1
37.Bxh7+ Kxh7 38.Bxa7 Qxa7 39.Qh4+  1-0

[Event "XII Open"]
[Site "Balaguer ESP"]
[Date "2007.07.16"]
[Round "1"]
[White "Serra Roig,D"]
[Black "Moser,E"]
[Result "0-1"]
[WhiteElo "1905"]
[BlackElo "2424"]

1.e4 d6 2.d4 Nf6 3.Nc3 Nbd7 4.Nf3 e5 5.Bc4 Be7 6.O-O O-O 7.Re1 c6 8.a4 Qc7
9.Bb3 a5 10.Qe2 exd4 11.Nxd4 Nc5 12.h3 Nxb3 13.Nxb3 Re8 14.Qf3 Nd7 15.Bf4 Ne5
16.Bxe5 dxe5 17.Rad1 Be6 18.Nc1 Bb4 19.b3 Rad8 20.N1a2 Bc5 21.Nc1 Ba7 22.Rxd8 Qxd8
23.Rd1 Qg5 24.Nd3 g6 25.Ne2 Rd8 26.Ng3 Kg7 27.Nf1 h5 28.Ne3 Rd4 29.c4 Qf6
30.Kh2 Qxf3 31.gxf3 Kf6 32.Nb2 Rxd1 33.Nbxd1 Ke7 34.Nb2 Kd6 35.Nd3 b5 36.cxb5 cxb5
37.axb5 Bxb3 38.Kg3 Bxe3  0-1

[Event "XII Open"]
[Site "Balaguer ESP"]
[Date "2007.07.18"]
[Round "3"]
[White "Fandino Reyes,R"]
[Black "Moser,E"]
[Result "1/2-1/2"]
[WhiteElo "2154"]
[BlackElo "2424"]

1.e4 d6 2.d4 Nf6 3.Nc3 Nbd7 4.Be2 e5 5.Nf3 Be7 6.O-O O-O 7.h3 c6 8.a4 Qc7
9.a5 Re8 10.Bg5 Nf8 11.d5 Ng6 12.a6 Nf4 13.Bxf4 exf4 14.axb7 Bxb7 15.Qd2 Bf8
16.Qxf4 cxd5 17.exd5 Nxd5 18.Nxd5 Bxd5 19.Bd3 g6 20.c4 Bb7 21.b4 a5 22.bxa5 Bxf3
23.Qxf3 Rxa5 24.Rxa5 Qxa5 25.Be4 Bg7 26.Bd5 Re7 27.g3 Qc3 28.Kg2  1/2-1/2

[Event "33rd Open"]
[Site "Sitges ESP"]
[Date "2007.07.18"]
[Round "1"]
[White "Vargas Drechsler,C"]
[Black "Pakleza,Z"]
[Result "0-1"]
[WhiteElo "1954"]
[BlackElo "2463"]

1.d4 d6 2.e4 Nf6 3.Nc3 c6 4.h3 b5 5.Bd3 e5 6.Nf3 Nbd7 7.O-O Be7 8.d5 cxd5
9.Nxd5 Nxd5 10.exd5 a6 11.Re1 O-O 12.Be3 f5 13.Bf1 Qc7 14.Rc1 Nb6 15.Bxb6 Qxb6
16.c4 bxc4 17.Bxc4 Bf6 18.Bb3 Bb7 19.Nd2 Rac8 20.Nc4 Qd8 21.Qf3 Kh8 22.Rcd1 g6
23.Qe3 Rc5 24.Qd2 Qc7 25.Ne3 Rc8 26.g4 f4 27.Ng2 Kg7 28.h4 Qf7 29.g5 Bd8
30.Re4 Ba5 31.Qd3 Rc1 32.Rxc1 Rxc1+ 33.Kh2 Bc8 34.Ra4 Bb6 35.Rc4 Rxc4 36.Qxc4 Bc5
37.Kg1 Bd7 38.Qxa6 f3 39.Ne1 Qf4 40.Qb7 Qg3+ 41.Kh1 Qxh4+ 42.Kg1 Qxf2+ 43.Kh1 Qh4+  0-1

[Event "Sun Pawn Open"]
[Site "Ilichevsk UKR"]
[Date "2007.07.20"]
[Round "1"]
[White "Pivovartsev,S"]
[Black "Daryev,S"]
[Result "1-0"]
[WhiteElo "2195"]
[BlackElo "2039"]

1.e4 d6 2.d4 Nf6 3.Nc3 c6 4.Nf3 Qa5 5.Bd2 e5 6.Nd5 Qd8 7.Nxf6+ gxf6 8.Bd3 Rg8
9.Nh4 Rg4 10.g3 Rg8 11.Qh5 Rg7 12.Nf5 Bxf5 13.exf5 h6 14.O-O-O Qe7 15.Bxh6 Rh7
16.Bxf8 Rxh5 17.Bxe7 Kxe7 18.dxe5 dxe5 19.h4 Nd7 20.Be2 Rhh8 21.h5 Nc5 22.Bf3 a5
23.Rh4 a4 24.Rc4 Ra5 25.Kd2 Rd8+ 26.Ke3 Rxd1 27.Bxd1 Kd6 28.Rg4 Ra8 29.Rg7 Ke7
30.Be2 b5 31.Bf3 e4 32.Be2 a3 33.b3 Kf8 34.h6 Nd7 35.Rg4 Ne5 36.Rxe4 Kg8
37.f4 Nd7 38.b4 Nb6 39.g4 Kh7 40.c4 Ra4 41.g5 Rxb4 42.Re7 bxc4 43.g6+ Kxh6
44.Rxf7 Nd5+ 45.Kf3 Nxf4 46.Kxf4 c3+ 47.Kg3 Kg5 48.g7 c2 49.g8=Q+  1-0

[Event "Heart of Finland"]
[Site "Jyvaskyla FIN"]
[Date "2007.07.20"]
[Round "9"]
[White "Agopov,M"]
[Black "Ristoja,J"]
[Result "1-0"]
[WhiteElo "2436"]
[BlackElo "2285"]

1.e4 d6 2.d4 Nf6 3.Nc3 e5 4.Nf3 Nbd7 5.Bc4 Be7 6.O-O O-O 7.h3 c6 8.a4 b6
9.d5 cxd5 10.Bxd5 Rb8 11.b3 a6 12.Ba3 Qc7 13.Qd3 Nc5 14.Qc4 Bd7 15.Bxc5 Qxc5
16.Qxc5 bxc5 17.Bc4 Bc8 18.Rad1 Bb7 19.Rfe1 g6 20.Nh2 Kg7 21.Ng4 Nxe4 22.Nxe4 Bxe4
23.Rxe4 f5 24.Re3 fxg4 25.Bxa6 gxh3 26.Rxh3 Rf6 27.Rhd3 d5 28.Bb5 d4 29.Re1 Bd6
30.Rdd1 Rf7 31.Bc4 Ra7 32.Ra1 Ra5 33.Re4 Rf8 34.Kf1 Rf5 35.Ke2 Bc7 36.f3 Ra7
37.Kd3 Ba5 38.Be6 Rg5 39.g4 Kf6 40.Bd5 h5 41.Kc4 Bb4 42.Kb5 Ra5+ 43.Kb6 Ke7
44.Bc4 Kd6 45.Kb7 Bd2 46.Rd1 Bf4 47.Rg1 Bd2 48.Rg2 Bc3 49.Rge2 d3 50.Bxd3 c4
51.Rxc4 Bd4 52.Re4 Ra7+ 53.Kb8 Rf7 54.Be2 h4 55.Bd1 h3 56.f4 Ba7+ 57.Ka8 h2
58.Bf3 Rxg4 59.fxe5+ Kd5 60.Rf4+  1-0

[Event "Czech Open GMA"]
[Site "Pardubice CZE"]
[Date "2007.07.20"]
[Round "1"]
[White "Butkiewicz,L"]
[Black "Hasangatin,R"]
[Result "1/2-1/2"]
[WhiteElo "2269"]
[BlackElo "2476"]

1.e4 d6 2.d4 Nf6 3.Nc3 e5 4.Nf3 Nbd7 5.Bc4 Be7 6.O-O O-O 7.Re1 c6 8.a4 b6
9.d5 cxd5 10.Nxd5 Bb7 11.b3 Rc8 12.Re2 Nc5 13.Nxf6+ Bxf6 14.Bd5 Bxd5 15.Qxd5 Ne6
16.Be3 Nc7 17.Qd3 d5 18.c4 d4 19.Bd2 a5 20.Ne1 Ne6 21.Qb1 Bg5 22.Nd3 Bxd2
23.Rxd2 Qg5 24.Qe1 f5 25.exf5 Rxf5 26.Re2 Rcf8 27.Rd1 Nf4 28.Nxf4 Rxf4 29.Rd3 Qh6
30.Qd2 Qg6 31.Qd1  1/2-1/2

[Event "33rd Open"]
[Site "Sitges ESP"]
[Date "2007.07.20"]
[Round "3"]
[White "Losada Cabrera,F"]
[Black "Pakleza,Z"]
[Result "0-1"]
[WhiteElo "2183"]
[BlackElo "2463"]

1.e4 d6 2.d4 Nf6 3.Nc3 c6 4.f3 Qb6 5.Bc4 e6 6.e5 dxe5 7.dxe5 Nd5 8.Nge2 Bc5
9.Rf1 O-O 10.Qd3 Nd7 11.Bxd5 cxd5 12.f4 f6 13.exf6 Nxf6 14.Qb5 Bd7 15.Qxb6 Bxb6
16.a4 Rac8 17.a5 Bc5 18.Bd2 a6 19.Na4 Ba7 20.Bc3 Bb5 21.Bxf6 Rxf6 22.c3 e5
23.Nb6 Bxb6 24.axb6 exf4 25.Kd2 Rxb6 26.Rab1 Re8 27.Rf2 Bxe2 28.Rxe2 Rxe2+
29.Kxe2 Kf7 30.Kd3 Rg6 31.Rg1 Ke6 32.Re1+ Kf5 33.Re2 Re6 34.Rf2 Re4 35.b3 g5
36.c4 Ke5  0-1

[Event "ch-USA w"]
[Site "Stillwater USA"]
[Date "2007.07.20"]
[Round "9"]
[White "Tuvshintugs,B"]
[Black "Airapetian,C"]
[Result "1-0"]
[WhiteElo "2236"]
[BlackElo "2162"]

1.d4 Nf6 2.Nc3 d6 3.e4 Nbd7 4.g3 c6 5.Bg2 e5 6.Nf3 Be7 7.O-O O-O 8.b3 Re8
9.Bb2 Qc7 10.Qd3 b5 11.a3 a6 12.Nh4 Bf8 13.Kh1 Bb7 14.f4 exd4 15.Qxd4 Rad8
16.Qd2 Qc8 17.Rae1 Qa8 18.Re2 Nc5 19.Qe1 Ne6 20.Nd1 c5 21.Nf5 d5 22.Nh6+ gxh6
23.Bxf6 Nd4 24.Bxd4 cxd4 25.e5 Bxa3 26.f5 d3 27.cxd3 d4 28.Bxb7 Qxb7+ 29.Kg1 Qd5
30.Nf2 Qxb3 31.Qd2 Bf8 32.Ng4 Kh8 33.Nxh6 Bxh6 34.Qxh6 Qxd3 35.Qf6+ Kg8 36.Ree1 Rf8
37.Rf4  1-0

[Event "Czech Open GMA"]
[Site "Pardubice CZE"]
[Date "2007.07.21"]
[Round "2"]
[White "Kopinits,A"]
[Black "Schneider,Il"]
[Result "1/2-1/2"]
[WhiteElo "2152"]
[BlackElo "2435"]

1.e4 d6 2.d4 Nf6 3.Nc3 e5 4.Nf3 exd4 5.Qxd4 Be7 6.Bg5 O-O 7.O-O-O Nc6 8.Qd2 Be6
9.Bd3 Ne5 10.Nxe5 dxe5 11.Be2 Qxd2+ 12.Rxd2 c6 13.h3 h6 14.Bh4 b5 15.Bxf6 Bxf6
16.Rd6 Rac8 17.Bg4 Bxg4 18.hxg4 Rfd8 19.Rhd1 Bg5+ 20.Kb1 Rxd6 21.Rxd6 Rc7
22.Rd3 Kf8 23.b3 Ke7 24.a4 a6 25.axb5 axb5 26.Na2 Ke6 27.Kb2 Be7 28.b4 g6
29.Kb3 Rc8 30.c4 c5 31.Rc3 bxc4+ 32.Rxc4 Rb8 33.Kc3 Ra8 34.Kb3 cxb4 35.Nxb4 Bxb4
36.Rxb4 Ra1 37.Kc3 Rg1 38.g3 Kf6 39.Kd3 Kg5 40.Rb7 Kxg4 41.Rxf7 h5 42.Re7 Kf3
43.Rf7+ Kg4 44.Re7 Kf3  1/2-1/2

[Event "11th Festival Open A"]
[Site "Senta SRB"]
[Date "2007.07.21"]
[Round "1"]
[White "Kolbert,E"]
[Black "Brenjo,S"]
[Result "0-1"]
[WhiteElo "2167"]
[BlackElo "2485"]

1.e4 d6 2.d4 Nf6 3.Nc3 e5 4.Nf3 Nbd7 5.Bc4 Be7 6.Ng5 O-O 7.f4 exd4 8.Qxd4 c6
9.Be3 d5 10.exd5 Bc5 11.Qd3 Bxe3 12.dxc6 Qe8 13.cxd7 Bxd7 14.Nce4 Nxe4 15.Nxe4 Rc8
16.Nd6 Qe7 17.Nxc8 Rxc8 18.Kf1 Bb6 19.Re1 Qc5 20.Bxf7+ Kf8 21.Re2 Bf5 22.Qd5 Bxc2
23.Qd7 Be4 24.Bb3 Qc1+ 25.Qd1 Qxf4+ 26.Ke1 Ba5+ 27.Rd2 Qe3+ 28.Qe2 Bxd2+  0-1

[Event "ch-Gdansk"]
[Site "Gdansk POL"]
[Date "2007.07.22"]
[Round "1"]
[White "Stanislawowicz,J"]
[Black "Lubczynski,R"]
[Result "0-1"]
[WhiteElo "1985"]
[BlackElo "2368"]

1.e4 d6 2.d4 Nf6 3.Nc3 e5 4.dxe5 dxe5 5.Qxd8+ Kxd8 6.Bg5 Be6 7.Nf3 Nd7 8.O-O-O Kc8
9.h3 c6 10.Be2 Kc7 11.Be3 h6 12.Kb1 b5 13.Rd2 b4 14.Na4 Nxe4 15.Rdd1 Nef6
16.Nd2 Nd5 17.Nc4 Nxe3 18.Nxe3 Nb6 19.Nxb6 axb6 20.Bc4 Re8 21.Rd2 Bxc4 22.Nxc4 b5
23.Ne3 Bc5 24.Nf5 g6 25.Ng3 f5 26.h4 h5 27.Rhd1 Rd8 28.Nf1 Bxf2 29.g3 f4
30.gxf4 exf4 31.c3 bxc3 32.bxc3 Bxh4 33.Kc2 f3 34.Nh2 Rxd2+ 35.Rxd2 Rf8 36.Rd1 g5
37.Nf1 g4 38.Rd4 g3  0-1

[Event "Sun Pawn Open"]
[Site "Ilichevsk UKR"]
[Date "2007.07.22"]
[Round "3"]
[White "Maksimova,K"]
[Black "Daryev,S"]
[Result "1-0"]
[WhiteElo "1888"]
[BlackElo "2039"]

1.e4 d6 2.d4 Nf6 3.Nc3 c6 4.f3 g6 5.Be3 Bg7 6.Qd2 b5 7.Bh6 Bxh6 8.Qxh6 b4
9.Nce2 a5 10.g4 Qb6 11.h4 Nbd7 12.h5 Rf8 13.hxg6 hxg6 14.Nh3 Ba6 15.Rd1 O-O-O
16.Qd2 e5 17.g5 Nh5 18.d5 Bxe2 19.Bxe2 Ng3 20.Rg1 Nxe2 21.Qxe2 Rh8 22.Nf2 Rh2
23.dxc6 Qxc6 24.Rd5 Qb6 25.Rf1 Rdh8 26.Rb5 Qc7 27.Qd3 Nc5 28.Qd5 Kd8 29.Qa8+ Kd7
30.Qxa5 Qxa5 31.Rxa5 Kc6 32.a3 Rb8 33.b3 bxa3 34.Rxa3 Rg2 35.Ra7 Rxg5 36.Rxf7 Ra8
37.b4 Ne6 38.Kd2 Rg2 39.Kd3 Nf4+ 40.Kc4 Ra3 41.Rd1 Rc3+ 42.Kxc3 Rxf2 43.Ra1 Kb5
44.Rb7+  1-0

[Event "Czech Open GMA"]
[Site "Pardubice CZE"]
[Date "2007.07.23"]
[Round "4"]
[White "Hasangatin,R"]
[Black "Dinger,F"]
[Result "1-0"]
[WhiteElo "2476"]
[BlackElo "2332"]

1.d4 d6 2.e4 Nf6 3.Nc3 e5 4.dxe5 dxe5 5.Qxd8+ Kxd8 6.Bg5 Be6 7.g3 h6 8.O-O-O+ Nd7
9.Bxf6+ gxf6 10.f4 exf4 11.gxf4 f5 12.Bh3 fxe4 13.f5 Bc4 14.f6 Be6 15.Bxe6 fxe6
16.Nxe4 Ke8 17.Nf3 Nc5 18.f7+ Kxf7 19.Ne5+ Ke8 20.Nf6+ Ke7 21.Rhf1 h5 22.Ng6+ Kf7
23.Nxf8  1-0

[Event "Open NK"]
[Site "Dieren NED"]
[Date "2007.07.24"]
[Round "1"]
[White "Maenhout,T"]
[Black "Stap,K"]
[Result "1-0"]
[WhiteElo "2302"]
[BlackElo "2110"]

1.e4 d6 2.d4 Nf6 3.Nc3 c6 4.f4 Qa5 5.Bd3 e5 6.Nf3 Bg4 7.Be3 Nbd7 8.O-O Be7
9.Qe1 Bxf3 10.gxf3 exd4 11.Bxd4 Qh5 12.e5 dxe5 13.fxe5 Qg5+ 14.Kh1 Nh5 15.Ne4 Qf4
16.Nd6+ Kf8 17.Nf5 g6 18.Be3 Qxe5 19.Bh6+ Ke8 20.Nxe7 Kxe7 21.Qb4+ c5 22.Qh4+ Kd6
23.Rae1 Qd4 24.Re4 Qxb2 25.Bf4+ Kc6 26.Re7 Qd4 27.Be4+ Kb6 28.Rb1+ Ka5 29.Qe1+ Ka4
30.Bd3 Nxf4 31.Bb5+  1-0

[Event "Siberia B"]
[Site "Novosibirsk RUS"]
[Date "2007.07.24"]
[Round "6"]
[White "Tashimova,N"]
[Black "Kharashuta,E"]
[Result "0-1"]
[WhiteElo "2094"]
[BlackElo "2211"]

1.e4 d6 2.d4 Nf6 3.Nc3 e5 4.dxe5 dxe5 5.Qxd8+ Kxd8 6.Bg5 Be6 7.O-O-O+ Nd7
8.g3 Kc8 9.f4 Bg4 10.Be2 h6 11.Bh4 Bc5 12.h3 Bxe2 13.Ngxe2 Be3+ 14.Kb1 g5
15.fxg5 Bxg5 16.Bxg5 hxg5 17.Rdf1 c6 18.Rf5 g4 19.h4 Rh5 20.Rxh5 Nxh5 21.Kc1 Kd8
22.Rf1 Ke7 23.Rf5 Nhf6 24.Kd2 Ke6 25.Rf1 b5 26.Ke3 a5 27.Nc1 Nb6 28.Nd3 Nc4+
29.Ke2 Nd7 30.b3 Nd6 31.Ke3 f5 32.Nf2 Nf6 33.Ke2 fxe4 34.Rg1 Rd8 35.Re1 b4
36.Na4 Nf5 37.Nc5+ Kd5 38.Nb7 Nxg3+ 39.Ke3 Nf5+ 40.Ke2 Ra8 41.Rg1 Ra7 42.Nd8 Rd7
43.Nxc6 Kxc6 44.Nxg4 Nxg4 45.Rxg4 Rg7  0-1